000 00337 a2200157 4500
001 164180
020 _a
040 _cMagnum
100 _aScliar, Moacyr
240 1 0 _aOs contistas e outras historias
_lpor
245 1 0 _aOs contistas e outras historias
362 0 _a1899
440 1 _aEdiouro
697 _aA/CONTO
942 _cBK
999 _c164180
_d164180